| 000 | 00946nam a22002175i 4500 | ||
|---|---|---|---|
| 001 | 155900 | ||
| 003 | ES-MaACL | ||
| 005 | 20240229062727.0 | ||
| 008 | 010219s1812 sp |||| | spa d | ||
| 040 |
_aNA _bspa _cNA |
||
| 245 | 0 | 0 | _aImpugnacion que hacen los individuos que compusieron la Suprema Junta Central al manifiesto del Capitan General Gregorio de la Cuesta. |
| 260 |
_aCadiz : _b[s.n.], _c1812 ( _fImprenta del Estado-Mayor-General) |
||
| 300 |
_aVIII, 47, 34 p. ; _c31 cm. |
||
| 597 | _aSignaturizado. | ||
| 597 | _aLa segunda secuencia de pág. corresponde a : Documentos que justifican la respuesta dada al manifiesto de don Gregorio de la Cuesta. | ||
| 651 | 4 |
_aEspaña- _xHistoria- _y1808-1814, Guerra de la Independencia _98244 |
|
| 700 | 1 |
_aCuesta, Gregorio de la. _9126660 |
|
| 710 | 2 |
_aEspaña. _bJunta Suprema Central. _9141469 |
|
| 852 |
_aES-MaACL _jZ-113 _z-- Sin enc. _xOlim: B-11445-6 |
||
| 999 |
_c155900 _d155900 |
||